LEADER 03545nam 2200841Ia 450 001 9910145290603321 005 20200520144314.0 010 $a9786611312572 010 $a9781405165471 010 $a1405165472 010 $a9781782687276 010 $a1782687270 010 $a9781281312570 010 $a1281312576 010 $a9780470998809 010 $a0470998806 010 $a9780470998793 010 $a0470998792 035 $a(CKB)1000000000398977 035 $a(EBL)350867 035 $a(SSID)ssj0000292134 035 $a(PQKBManifestationID)11245961 035 $a(PQKBTitleCode)TC0000292134 035 $a(PQKBWorkID)10255052 035 $a(PQKB)11119925 035 $a(SSID)ssj0000379034 035 $a(PQKBManifestationID)12117903 035 $a(PQKBTitleCode)TC0000379034 035 $a(PQKBWorkID)10365239 035 $a(PQKB)11329185 035 $a(Au-PeEL)EBL350867 035 $a(CaPaEBR)ebr10240398 035 $a(CaONFJC)MIL131257 035 $a(PPN)261553399 035 $a(OCoLC)214281270 035 $a(MiAaPQ)EBC350867 035 $a(Perlego)2749047 035 $a(EXLCZ)991000000000398977 100 $a20001214d2001 uy 0 101 0 $aeng 135 $aur|n|---||||| 181 $ctxt 182 $cc 183 $acr 200 02$aA companion to cultural studies /$fedited by Toby Miller 205 $a1st ed. 210 $aMalden, MA $cBlackwell$d2001 215 $a1 online resource (598 p.) 225 1 $aBlackwell companions in cultural studies ;$v3 300 $aDescription based upon print version of record. 311 08$a9781405141758 311 08$a1405141751 311 08$a9780631217886 311 08$a0631217886 320 $aIncludes bibliographical references (p. 531-552) and index. 327 $aA Companion to Cultural Studies; Contents; List of Contributors; 1 What it is and what it isn't: Introducing? Cultural Studies; Part I: Disciplines; 2 Interdisciplinarity; 3 Is there a Cultural Studies of Law?; 4 The Renewal of the Cultural in Sociology; 5 Sociology, Cultural Studies, and Disciplinary Boundaries; 6 Notes on the Traffic between Cultural Studies and Science and Technology Studies; 7 Political Economy within Cultural Studies; 8 Cultural Studies and Philosophy: An Intervention; 9 "X" never, ever marks the spot: Archaeology and Cultural Studies 327 $a10 The Unbalanced Reciprocity between Cultural Studies and Anthropology11 Media Studies and Cultural Studies: A Symbiotic Convergence; Part II: Places; 12 Comparative Cultural Studies Traditions: Latin America and the US; 13 Can Cultural Studies Speak Spanish?; 14 Australasia; 15 Peripheral Vision: Chinese Cultural Studies in Hong Kong; 16 Decentering the Centre: Cultural Studies in Britain and its Legacy; 17 European Cultural Studies; Part III: Issue 330 $aExperts from five continents provide a thorough exploration of cultural studies, looking at different ideas, places and problems addressed by the field. 410 0$aBlackwell companions in cultural studies ;$v3. 606 $aCulture$xStudy and teaching 606 $aSociology$xStudy and teaching 615 0$aCulture$xStudy and teaching. 615 0$aSociology$xStudy and teaching. 676 $a306 676 $a306/.071 701 $aMiller$b Toby$0855568 801 0$bMiAaPQ 801 1$bMiAaPQ 801 2$bMiAaPQ 906 $aBOOK 912 $a9910145290603321 996 $aA companion to cultural studies$92219921 997 $aUNINA